MARC

LEADER 00000nam0a2200000 4500
001 306440
005 20231102001908.0
035 |a (RuTPU)RU\TPU\book\331717 
090 |a 306440 
100 |a 20151007d1983 km y0rusy50 ca 
101 0 |a rus 
102 |a RU 
105 |a a g 000zy 
200 1 |a Третий семестр: Справочное пособие по организации деятельности студенческих отрядов 
210 |a Москва  |c Молодая гвардия  |d 1983 
215 |a 254 с.  |c ил. 
606 1 |a Студенческие отряды строительные  |2 stltpush  |3 (RuTPU)RU\TPU\subj\57973  |9 75818 
606 1 |a Комсомольско-молодежные бригады и звенья  |2 stltpush  |3 (RuTPU)RU\TPU\subj\15196  |9 41460 
610 1 |a студенты 
610 1 |a строители 
610 1 |a трудовые семестры 
610 1 |a подготовка 
610 1 |a идейно-воспитательная работа 
610 1 |a охрана труда 
610 1 |a финансовая деятельность 
610 1 |a справочники 
686 |a Ч481.43я2  |v LBC/SL-A  |2 rubbk 
686 |a Ф75(2)14я2  |v LBC/SL-A  |2 rubbk 
702 1 |a Артемьев  |b Е. Ф.  |4 340 
801 1 |a RU  |b 63413507  |c 20151007 
801 2 |a RU  |b 63413507  |c 20190524  |g RCR 
942 |c BK